000 00540cam a2200169 4500500
005 20260405001851.0
041 _afre
042 _adc
100 1 0 _aNathan, Tobie
_eauthor
245 0 0 _aPhilosopher ou faire l’amour (deuxième partie)
260 _c2014.
500 _a26
690 _aMehdi Belhaj Kacem
690 _aRuwen Ogien
786 0 _nPhilosophie magazine | 83 | 10 | 2014-10-01 | p. 62-65 | 1951-1787
856 4 1 _uhttps://shs.cairn.info/magazine-philosophie-magazine-2014-10-page-62?lang=fr&redirect-ssocas=7080
999 _c2051850
_d2051850